| 000 | 00000nam##2200000za#4500 |
| 001 | 9.645909 |
| 003 | CaOODSP |
| 005 | 20200328192716 |
| 007 | ta |
| 008 | 150407|1995||||xxc||||| f|0| 0 eng|d |
| 020 | |a0-662-23497-9 |
| 040 | |aCaOODSP|beng |
| 043 | |an-cn--- |
| 086 | 1 |aP35-85/1995E |
| 110 | 1 |aCanada.|bPublic Works and Government Services Canada. |bReal Property Services Branch. |
| 245 | 10|aSt. Andrews lock and dam : |bLockport, Manitoba / |cIssued by the Real Property Services Branch, Western Region. |
| 260 | |aEdmonton - Alberta : |bPublic Works and Government Services Canada. |c1995. |
| 563 | |aPamphlet |
| 590 | |a95-45|b1995-11-10 |
| 690 | 07|aDams|2gcpds |
| 775 | 08|tSt: Andrews lock and dam : |w(CaOODSP)9.645963 |
| 775 | 08|tLe barrage-écluse St. Andrews : |w(CaOODSP)9.679526 |